রাজশাহীর কথা / (Record no. 86363)
[ view plain ]
| 000 -LEADER | |
|---|---|
| fixed length control field | 01106nam a2200265 a 4500 |
| 001 - CONTROL NUMBER | |
| control field | 86363 |
| 003 - CONTROL NUMBER IDENTIFIER | |
| rucl marc code | BD-RjUL |
| 005 - DATE AND TIME OF LATEST TRANSACTION | |
| control field | 20260415105218.0 |
| 008 - FIXED-LENGTH DATA ELEMENTS--GENERAL INFORMATION | |
| fixed length control field | 260418s2018 bg a b 000 0 beno |
| 020 ## - INTERNATIONAL STANDARD BOOK NUMBER | |
| International Standard Book Number | 9789843443311 |
| 035 ## - SYSTEM CONTROL NUMBER | |
| System control number | (BD-RjUL)86363 |
| 040 ## - CATALOGING SOURCE | |
| Original cataloging agency | DLC |
| Transcribing agency | DLC |
| Modifying agency | DLC |
| -- | BD-RjUL |
| Language of cataloging | ben |
| 041 ## - LANGUAGE CODE | |
| Language code of text/sound track or separate title | ben |
| 082 ## - DEWEY DECIMAL CLASSIFICATION NUMBER | |
| Edition number | 22 |
| Classification number | 954.924 |
| Author mark and year | ANR 2018 |
| 100 1# - MAIN ENTRY--PERSONAL NAME | |
| Personal name | আনা, আনারুল হক |
| 9 (RLIN) | 119388 |
| 245 10 - TITLE STATEMENT | |
| Title | রাজশাহীর কথা / |
| Statement of responsibility, etc. | আনারুল হক আনা. |
| 250 ## - EDITION STATEMENT | |
| Edition statement | ৩য় সং. |
| 260 ## - PUBLICATION, DISTRIBUTION, ETC. (IMPRINT) | |
| Place of publication, distribution, etc. | রাজশাহী : |
| Name of publisher, distributor, etc. | মো. খাজা খালেদ (লিজার), |
| Date of publication, distribution, etc. | ২০১৮ |
| 300 ## - PHYSICAL DESCRIPTION | |
| Pagination | ১০৭২ পৃ : |
| Illustrations | চিত্রসমূহ ; |
| Size | ২৩ সেমি. |
| 504 ## - BIBLIOGRAPHY, ETC. NOTE | |
| Bibliography, etc | গ্রন্থপঞ্জি ও নির্ঘণ্ট সংযুক্ত |
| 520 ## - SUMMARY, ETC. | |
| Summary, etc. | বাংলাদেশের রাজশাহী শহরের ইতিহাস |
| 651 #0 - SUBJECT ADDED ENTRY--GEOGRAPHIC NAME | |
| Geographic name | রাজশাহী (বাংলাদেশ) |
| General subdivision | ইতিহাস |
| 9 (RLIN) | 18133 |
| Geographic name | Rājshāhi (Bangladesh) |
| General subdivision | History. |
| 9 (RLIN) | 117734 |
| 942 ## - ADDED ENTRY ELEMENTS (KOHA) | |
| Source of classification or shelving scheme | Dewey Decimal Classification |
| Koha item type | Books |
| Lost status | Source of classification or shelving scheme | Damaged status | Not for loan | Collection code | Permanent Location | Current Location | Shelving location | Date acquired | Source of acquisition | Cost, normal purchase price | Total Checkouts | Full call number | Date last seen | Copy number | Koha item type |
|---|---|---|---|---|---|---|---|---|---|---|---|---|---|---|---|
| Dewey Decimal Classification | Not For Loan | Non-fiction | Central Library, University of Rajshahi | Central Library, University of Rajshahi | Reading Room | 20/03/2005 | Chowdhury Sawar Jahan, Department of Geology and Mining, R.U. | 2000.00 | B 954.924 ANR 2018 | 15/04/2026 | C-1 | Books |